| 000 | 00502nam a2200145 a 4500 | ||
|---|---|---|---|
| 008 | 120416s0000 ||||||||||||||||| || u | ||
| 020 | _a0710061811 | ||
| 050 | _aQA 184 Coh | ||
| 100 | _aCohn, P.M | ||
| 245 | 1 | 0 | _aLinear equations |
| 260 |
_aLondon _bRoutledge and Kegan Paul _c1958 |
||
| 300 | _aviii, 75p. : ill | ||
| 350 | _a0.00 | ||
| 995 |
_D0.00 _FCBU-MAIN LIBRARY (Kitwe) _H1 _I1.00 _M1 _UWEEDED _VAug 31, 2017 _ZMain Library Open Access Collection |
||
| 999 |
_c49314 _d49314 |
||